Logo Biblioteca

Seminario : (Registro nro. 1004)

Detalles MARC
000 -LEADER
fixed length control field 03940nam a22004937a 4500
003 - CONTROL NUMBER IDENTIFIER
control field AR-RoUNCS
005 - DATE AND TIME OF LATEST TRANSACTION
control field 20260506163029.0
007 - PHYSICAL DESCRIPTION FIXED FIELD--GENERAL INFORMATION
fixed length control field ta
008 - FIXED-LENGTH DATA ELEMENTS--GENERAL INFORMATION
fixed length control field 241127s2024 ag |||||r|||| 00| 0 spa d
020 ## - INTERNATIONAL STANDARD BOOK NUMBER
International Standard Book Number 9789877026719
040 ## - CATALOGING SOURCE
Original cataloging agency AR-RoUNCS
Transcribing agency AR-RoUNCS
Language of cataloging spa
041 ## - LANGUAGE CODE
Language code of text/sound track or separate title spa
245 00 - TITLE STATEMENT
Title Seminario :
Remainder of title la cuestión armenia en las relaciones internacionales (compilación).
260 ## - PUBLICATION, DISTRIBUTION, ETC.
Place of publication, distribution, etc. Rosario :
Name of publisher, distributor, etc. UNR Editora,
Date of publication, distribution, etc. [2024].
300 ## - PHYSICAL DESCRIPTION
Extent 219 p. :
Other physical details maps. ;
Dimensions 23 cm.
505 ## - FORMATTED CONTENTS NOTE
Title Prólogo /
Statement of responsibility por Franco Bartolacci --
505 ## - FORMATTED CONTENTS NOTE
Title Prólogo /
Statement of responsibility por Liliana María Conforti --
505 ## - FORMATTED CONTENTS NOTE
Title Introducción: presentación del libro /
Statement of responsibility por Florencia Demirdjian --
505 ## - FORMATTED CONTENTS NOTE
Title Derecho Internacional Público: apuntes de clase /
Statement of responsibility por Lidia Gatti --
505 ## - FORMATTED CONTENTS NOTE
Title La internacionalización de la Cuestión Armenia Zonas de Influencia: Ruta de la seda, Canal de Suez y Bagdad-Berlin /
Statement of responsibility por Florencia Demirdjian --
505 ## - FORMATTED CONTENTS NOTE
Title La República Democrática de Armenia, una aproximación de su historia y su legado /
Statement of responsibility por Nicolás D. Sabuncuya --
505 ## - FORMATTED CONTENTS NOTE
Title Armenia, una de las quince Repúblicas Socialistas Soviéticas /
Statement of responsibility por Sabrina Demirdjia --
505 ## - FORMATTED CONTENTS NOTE
Title El negacionismo turco del genocidio de los armenios. Una perspectiva desde lo legal y social sobre la Turquía republicana durante el gobierno de Mustafá Kemal (1920-1938) /
Statement of responsibility por Eduardo A. Karsaclian --
505 ## - FORMATTED CONTENTS NOTE
Title La emigración del los armenios del Imperio otomano a la Argentina durante la primera mitad del siglo XX: factores de expulsión y atracción /
Statement of responsibility por Nélida Boulgourdjian --
505 ## - FORMATTED CONTENTS NOTE
Title El genocidio armenio: el camino político y jurídico del reconocimiento internacional /
Statement of responsibility por Matilde Bruera --
505 ## - FORMATTED CONTENTS NOTE
Title Derechos Humanos y Genocidio. Estudios de caso: el genocidio contra el pueblo armenio /
505 ## - FORMATTED CONTENTS NOTE
Title por Alberto Neirot --
505 ## - FORMATTED CONTENTS NOTE
Title Riquezas y Potencialidad de Armenia: recursos Naturales y un turismo promisorio /
Statement of responsibility por Elian Balbini --
505 ## - FORMATTED CONTENTS NOTE
Title El conflicto de Nagorno Karabagh - Artsaj desde 1988 hasta 2022 /
Statement of responsibility por Ricardo Torres --
505 ## - FORMATTED CONTENTS NOTE
Title Conferencia "Las minorías en Turquía y sus derechos inexistentes" /
Statement of responsibility por Ragip Zarakolu --
505 ## - FORMATTED CONTENTS NOTE
Title Conferencia: "El carácter político de la Diáspora Armenia y sus limitaciones" /
Statement of responsibility por Paul Haidostian.
520 ## - SUMMARY, ETC.
Summary, etc. La denominación 'Cuestión Armenia' surgió del conjunto de exigencias del pueblo armenio en el orden internacional, objeto de atención por parte de los países centrales ya desde finales del siglo XIX. Se trata de una cuestión de naturaleza jurídica cuyo contenido debe ser abordado desde el Derecho Internacional. Este conjunto de exigencias se exteriorizó, por un lado, a través de las luchas que sostuvieron los armenios para lograr su independencia; y por el otro, mediante los acuerdos diplomáticos estipulados por las grandes potencias entre sí y en sus relaciones con el Imperio Otomano y Turquía, su sucesora, por imponer su dominio sobre Oriente. A fin de realizar un abordaje integral de la Cuestión Armenia en sus múltiples facetas, esta publicación propone reflejar el contenido de las clases y conferencias brindadas en el Seminario curricular 'La Cuestión Armenia en las RRII' de la Facultad de Ciencia Política y Relaciones Internacionales de la Universidad Nacional de Rosario, enfocando su estudio a partir de finales del siglo XIX, desde la perspectiva de la historia de las Relaciones Internacionales, la Política Internacional y el Derecho Internacional.
650 #7 - SUBJECT ADDED ENTRY--TOPICAL TERM
Topical term or geographic name entry element Genocidio
Source of heading or term embne
650 #7 - SUBJECT ADDED ENTRY--TOPICAL TERM
Topical term or geographic name entry element Armenios
Source of heading or term embne
650 #7 - SUBJECT ADDED ENTRY--TOPICAL TERM
Topical term or geographic name entry element Derecho internacional
Source of heading or term embne
650 #7 - SUBJECT ADDED ENTRY--TOPICAL TERM
Topical term or geographic name entry element Relaciones internacionales
Source of heading or term embne
700 1# - ADDED ENTRY--PERSONAL NAME
Personal name Demirdjian, Florencia
Relator term compiladora
700 1# - ADDED ENTRY--PERSONAL NAME
Personal name Conforti, Liliana
Relator term prologuista
700 1# - ADDED ENTRY--PERSONAL NAME
Personal name Demirdjian, Delfina
700 1# - ADDED ENTRY--PERSONAL NAME
Personal name Demirdjian, Sabrina
700 1# - ADDED ENTRY--PERSONAL NAME
Personal name Gatti, Lidia
700 1# - ADDED ENTRY--PERSONAL NAME
Personal name Bruera, Matilde M.
942 ## - ADDED ENTRY ELEMENTS (KOHA)
Source of classification or shelving scheme Universal Decimal Classification
Koha item type Obra General
Suppress in OPAC No
Existencias
Withdrawn status Lost status Source of classification or shelving scheme Damaged status Not for loan Collection Home library Current library Date acquired Source of acquisition Total checkouts Full call number Barcode Date last seen Price effective from Koha item type
    Universal Decimal Classification     Colección General Biblioteca Escuela de Ciencias Sociales Biblioteca Escuela de Ciencias Sociales 06/05/2026 Donación 2026 Bartolacci   327(479.25)(042.3) Se471 000619 06/05/2026 06/05/2026 Obra General
Biblioteca de la Escuela Preuniversitaria en Ciencias Sociales y Humanísticas.
Riobamba 250 bis.
CP 2000 - Rosario - Santa Fe
E-Mail: biblioteca@esociales.unr.edu.ar